La gaviota
Guardat en:
| Autor principal: | |
|---|---|
| Format: | Llibre |
| Idioma: | espanyol |
| Publicat: |
Madrid
Antonino Romero
1913
|
| Col·lecció: | Obras, 2
|
| Matèries: | |
| Etiquetes: |
Afegir etiqueta
Sense etiquetes, Sigues el primer a etiquetar aquest registre!
|
MARC
| LEADER | 00000nam a2200000 a 4500 | ||
|---|---|---|---|
| 001 | UCM5669 | ||
| 003 | CL-VaPUC | ||
| 008 | 021018e19130000SP |||||||||||||||||spa|d | ||
| 082 | 0 | 4 | |a 863 |b CAB |2 21 |
| 100 | 0 | |a Caballero, Fernán |e author |9 378233 | |
| 245 | 1 | 3 | |a La gaviota |
| 300 | |a 236 p | ||
| 942 | |c BK | ||
| 945 | |d 20021018 00:00:00 |a vberengu | ||
| 260 | |a Madrid |b Antonino Romero |c 1913 | ||
| 650 | 0 | |a Novelas españolas |9 265052 | |
| 650 | 0 | |a Literatura española |9 306261 | |
| 583 | |a last modification |c 20021018 00:00:00 |k Rodrigo Vera | ||
| 490 | 0 | |a Obras, 2 | |
| 999 | |c 301529 |d 301527 | ||
| 952 | |0 0 |1 0 |4 0 |6 863_000000000000000_CAB_1913 |7 0 |8 A |9 360613 |a FDOPOS |b FDOPOS |d 2019-11-21 |i 3847624 |o 863 CAB 1913 |p 3847624 |r 2025-01-22 |w 2019-11-21 |y BK |k MLH | ||